00669nam a2200205Ia 450000500170000000800410001704000190005804100120007708200160008910000180010524500430012326000360016630000150020250400500021765000470026785000100031494200070032499900170033195201150034820230316144453.0131103s9999 xx 000 0 und d aLoreto College aBengali a891.44bHAL aHalder, Gopal aBangla sahityer ruprekhacGopal Halder aCalcuttabAruna Prakasonic1996 av.2(236p)  aIncludes bibliographical references and index aBengali Literature - History and Criticism aLCLIB cBK c20290d70769 00102ddc4070aMAINbMAINd2013-11-04l8o891.44 HAL 45288pB22133r2019-07-26s2019-07-26w2013-11-04yBKf